[Event "Mexican op 69th"]
[Site "Mexico City"]
[Date "2024.03.27"]
[Round "2"]
[White "Cori Quispe, Kevin Joel"]
[Black "Jorajuria Mendoza, Algol"]
[Result "1/2-1/2"]
[WhiteElo "2468"]
[BlackElo "2096"]
[PlyCount "55"]
[EventDate "2024.03.26"]
[EventType "swiss"]
[EventRounds "9"]
[EventCountry "MEX"]
[SourceTitle "CB14_2024"]
[SourceDate "2024.04.01"]
[SourceVersion "1"]
[SourceVersionDate "2024.04.01"]
[SourceQuality "1"]

1. e4 c5 2. Nf3 Nc6 3. Bb5 g6 4. 0-0 Bg7 5. Re1 e5 6. c3 Nge7 7. d4 cxd4 8. cxd4 exd4 9. Bf4 a6 10. Ba4 b5 11. Bb3 Bb7 12. Bd6 Nc8 13. e5 Nxd6 14. exd6+ Kf8 15. h4 Bf6 16. Nbd2 Na5 17. Ne4 Nxb3 18. Qxb3 Kg7 19. Qd3 Re8 20. h5 Bxe4 21. Rxe4 Qb6 22. Rae1 Rxe4 23. Qxe4 Rf8 24. Qf4 h6 25. hxg6 fxg6 26. Rd1 Qc5 27. Qg4 Rf7 28. Nxd4 1/2-1/2

[Event "Ojinaga Perla del Desierto op"]
[Site "Ojinaga"]
[Date "2023.10.29"]
[Round "7"]
[White "Jimenez Garcia, Emanuel"]
[Black "Jorajuria Mendoza, Algol"]
[Result "1-0"]
[WhiteElo "2387"]
[BlackElo "2133"]
[PlyCount "33"]
[EventDate "2023.10.26"]
[EventType "swiss"]
[EventRounds "7"]
[EventCountry "MEX"]
[SourceTitle "Mega2024 Update 01"]
[Source "Chessbase"]
[SourceDate "2023.11.12"]
[SourceVersion "1"]
[SourceVersionDate "2023.11.12"]
[SourceQuality "1"]

1. Nf3 d5 2. g3 g6 3. c4 dxc4 4. Na3 Be6 5. Qc2 Bg7 6. Nxc4 Nf6 7. b3 Nc6 8. Bb2 a5 9. Bg2 0-0 10. 0-0 Nb4 11. Qc1 Qc8 12. a3 Nc6 13. d4 Bh3 14. Re1 Bxg2 15. Kxg2 Qf5 16. Qb1 Ne4 17. Ne3 1-0

[Event "Ojinaga Perla del Desierto op"]
[Site "Ojinaga"]
[Date "2023.10.28"]
[Round "5"]
[White "Salas Estrada, Ana Paola"]
[Black "Jorajuria Mendoza, Algol"]
[Result "0-1"]
[WhiteElo "1659"]
[BlackElo "2133"]
[PlyCount "73"]
[EventDate "2023.10.26"]
[EventType "swiss"]
[EventRounds "7"]
[EventCountry "MEX"]
[SourceTitle "Mega2024 Update 01"]
[Source "Chessbase"]
[SourceDate "2023.11.12"]
[SourceVersion "1"]
[SourceVersionDate "2023.11.12"]
[SourceQuality "1"]

1. e4 c5 2. Nc3 Nc6 3. g3 g6 4. Bg2 Bg7 5. d3 Rb8 6. Nf3 b5 7. 0-0 b4 8. Ne2 Nf6 9. h3 d6 10. Nh2 Bb7 11. Be3 Nd7 12. Qc1 h6 13. Ng4 h5 14. Nh2 Nd4 15. Nxd4 cxd4 16. Bd2 Qb6 17. Rb1 Qc5 18. a3 b3 19. cxb3 Ba6 20. Bb4 Qb6 21. Qd2 Ne5 22. Rfd1 Nxd3 23. Ba5 Qxb3 24. Bf1 Nc5 25. Bxa6 Nxa6 26. Qd3 Qxd3 27. Rxd3 Nc5 28. Rf3 0-0 29. g4 hxg4 30. hxg4 Nxe4 31. Rd3 Nc5 32. Rh3 Rb3 33. Rxb3 Nxb3 34. Be1 Rc8 35. Nf3 Rc2 36. Kf1 e5 37. Bb4 0-1

[Event "Ojinaga Perla del Desierto op"]
[Site "Ojinaga"]
[Date "2023.10.27"]
[Round "4"]
[White "Jorajuria Mendoza, Algol"]
[Black "Delgado Ramirez, Neuris"]
[Result "0-1"]
[WhiteElo "2133"]
[BlackElo "2528"]
[PlyCount "80"]
[EventDate "2023.10.26"]
[EventType "swiss"]
[EventRounds "7"]
[EventCountry "MEX"]
[SourceTitle "Mega2024 Update 01"]
[Source "Chessbase"]
[SourceDate "2023.11.12"]
[SourceVersion "1"]
[SourceVersionDate "2023.11.12"]
[SourceQuality "1"]

1. e4 e5 2. Nf3 Nc6 3. Bc4 g6 4. d4 exd4 5. Nxd4 Bg7 6. Nxc6 bxc6 7. Qf3 Nf6 8. 0-0 0-0 9. Nc3 Re8 10. Bg5 h6 11. Bh4 d6 12. Qd3 g5 13. Bg3 Nd7 14. Rae1 Nc5 15. Qf3 Be6 16. Bxe6 Rxe6 17. b4 Nd7 18. Nd1 a5 19. a3 Rb8 20. c3 c5 21. bxa5 Rb3 22. Qd3 Qa8 23. h4 Rxa3 24. hxg5 hxg5 25. Qb5 Re7 26. Ne3 Rxa5 27. Qd3 Rxe4 28. Nd5 Rxe1 29. Rxe1 Ra1 30. Rxa1 Qxa1+ 31. Kh2 Nf6 32. Nxc7 Ng4+ 33. Kh3 Nh6 34. Bxd6 Qh1+ 35. Kg3 Qh4+ 36. Kf3 Qg4+ 37. Ke3 c4 38. Qd5 Bxc3 39. Qa8+ Kh7 40. f3 Qd4+ 0-1

[Event "Wch U20 60th"]
[Site "Mexico City"]
[Date "2023.09.22"]
[Round "2"]
[White "Sorensen, Hampus"]
[Black "Jorajuria Mendoza, Algol"]
[Result "1-0"]
[WhiteElo "2470"]
[BlackElo "2160"]
[PlyCount "41"]
[EventDate "2023.09.21"]
[EventType "swiss"]
[EventRounds "11"]
[EventCountry "MEX"]
[SourceTitle "EXT 2024"]
[Source "ChessBase"]
[SourceDate "2023.10.10"]
[SourceVersion "1"]
[SourceVersionDate "2023.10.10"]
[SourceQuality "1"]

1. d4 Nf6 2. c4 e6 3. Nf3 d5 4. g3 Bb4+ 5. Bd2 a5 6. Bg2 0-0 7. Qc1 Nbd7 8. 0-0 Be7 9. Rd1 a4 10. Bf4 c6 11. a3 Qa5 12. Nc3 dxc4 13. e4 b5 14. h4 Bb7 15. Qc2 Rfd8 16. e5 Nd5 17. Bg5 f6 18. exf6 gxf6 19. Bh6 Nxc3 20. bxc3 c5 21. Ng5 1-0

[Event "Titled Tuesday intern op 05th Sep Early"]
[Site "Chess.com INT"]
[Date "2023.09.05"]
[Round "6"]
[White "Jorajuria Mendoza, Algol"]
[Black "Dann, Matthias"]
[Result "0-1"]
[WhiteElo "2160"]
[BlackElo "2477"]
[PlyCount "64"]
[EventDate "2023.09.05"]
[EventType "swiss (blitz)"]
[EventRounds "11"]
[EventCountry "USA"]
[SourceTitle "EXT 2024"]
[Source "ChessBase"]
[SourceDate "2023.10.10"]
[SourceVersion "1"]
[SourceVersionDate "2023.10.10"]
[SourceQuality "1"]

1. d4 Nf6 2. c4 e6 3. Nc3 Bb4 4. e3 0-0 5. Bd3 d5 6. Bd2 dxc4 7. Bxc4 b6 8. Qf3 c6 9. Nge2 Bb7 10. g4 Be7 11. Rg1 Nd5 12. e4 Nxc3 13. bxc3 c5 14. g5 cxd4 15. cxd4 Nc6 16. Be3 Rc8 17. Kf1 Ne5 18. dxe5 Rxc4 19. Rg4 Qd3 20. h4 Rc2 21. Re1 Bb4 22. Rb1 Ba6 23. Rxb4 Qd1+ 24. Kg2 Bxe2 25. Qg3 Bxg4 26. Rd4 Qe2 27. Rd7 Bh5 28. Kh3 Qf1+ 29. Kh2 Re2 30. Rd2 Re1 31. Qg2 Rc8 32. Rd7 g6 0-1

[Event "Titled Tuesday intern op 22nd Aug Late"]
[Site "Chess.com INT"]
[Date "2023.08.22"]
[Round "7"]
[White "Fiorito, Joaquin"]
[Black "Jorajuria Mendoza, Algol"]
[Result "0-1"]
[WhiteElo "2409"]
[BlackElo "2151"]
[PlyCount "102"]
[EventDate "2023.08.22"]
[EventType "swiss (blitz)"]
[EventRounds "11"]
[EventCountry "USA"]
[SourceTitle "EXT 2024"]
[Source "ChessBase"]
[SourceDate "2023.10.10"]
[SourceVersion "1"]
[SourceVersionDate "2023.10.10"]
[SourceQuality "1"]

1. d4 Nf6 2. c4 e6 3. Nc3 Bb4 4. e3 0-0 5. Bd2 b6 6. Nf3 Bb7 7. Bd3 d5 8. cxd5 exd5 9. Rc1 c5 10. Ne5 cxd4 11. exd4 Bxc3 12. bxc3 Ne4 13. 0-0 Nxd2 14. Qxd2 Nd7 15. Rce1 Nxe5 16. Rxe5 Qf6 17. Rfe1 g6 18. Re7 Bc6 19. f4 Rfe8 20. R7e5 Rxe5 21. fxe5 Qe7 22. Rf1 Bd7 23. c4 Be6 24. cxd5 Bxd5 25. Rc1 Rd8 26. Bf1 Kg7 27. a4 Be6 28. a5 bxa5 29. Ra1 Qb4 30. Rd1 Qxd2 31. Rxd2 a4 32. Kf2 a3 33. Ke3 a2 34. Rd1 Rb8 35. Bd3 Bf5 36. Ra1 Rb3 37. g4 Bxd3 38. d5 Bc4+ 39. Kd4 Rb1 40. Rxa2 Bxa2 41. d6 Be6 42. g5 a5 43. h4 a4 44. d7 Bxd7 45. Kc5 Be6 46. Kd6 a3 47. Ke7 a2 48. Kd6 a1Q 49. Kc5 Qxe5+ 50. Kc6 Qd5+ 51. Kc7 Qd7# 0-1

[Event "Titled Tuesday intern op 22nd Aug Late"]
[Site "Chess.com INT"]
[Date "2023.08.22"]
[Round "4"]
[White "Jorajuria Mendoza, Algol"]
[Black "Khodjimatov, Sherzod"]
[Result "1-0"]
[WhiteElo "2151"]
[BlackElo "2109"]
[PlyCount "99"]
[EventDate "2023.08.22"]
[EventType "swiss (blitz)"]
[EventRounds "11"]
[EventCountry "USA"]
[SourceTitle "EXT 2024"]
[Source "ChessBase"]
[SourceDate "2023.10.10"]
[SourceVersion "1"]
[SourceVersionDate "2023.10.10"]
[SourceQuality "1"]

1. e4 e5 2. Nf3 Nc6 3. Bb5 Nge7 4. Nc3 Ng6 5. h4 Be7 6. h5 Nh4 7. Nxh4 Bxh4 8. Qg4 Bg5 9. d3 h6 10. Bxc6 dxc6 11. Bxg5 Qxg5 12. Qf3 Bg4 13. Qg3 0-0-0 14. f3 Qe3+ 15. Ne2 Be6 16. Qxe5 Rhe8 17. Qf4 Qb6 18. b3 Qa5+ 19. Qd2 Qa3 20. Qc1 Qc5 21. Qb2 f5 22. 0-0-0 Qe3+ 23. Rd2 fxe4 24. fxe4 Bg4 25. Nc3 Rf8 26. Nd1 Bxd1 27. Rhxd1 Rf2 28. Qxg7 Rdf8 29. Qg4+ Kb8 30. c3 a5 31. Kc2 a4 32. Qh4 a3 33. g4 R8f3 34. Qd8+ Ka7 35. Qd4+ Qxd4 36. cxd4 Rxd2+ 37. Rxd2 Rg3 38. e5 Rxg4 39. Kc3 Kb8 40. Rf2 Kc8 41. Rf6 Rg2 42. e6 Kd8 43. Rxh6 Rxa2 44. Rh8+ Ke7 45. Rc8 Rh2 46. Rxc7+ Kxe6 47. Rxb7 a2 48. Ra7 Kd5 49. b4 Rxh5 50. Ra5+ 1-0

[Event "Titled Tuesday intern op 22nd Aug Late"]
[Site "Chess.com INT"]
[Date "2023.08.22"]
[Round "6"]
[White "Jorajuria Mendoza, Algol"]
[Black "Tulchynskyi, Feliks"]
[Result "0-1"]
[WhiteElo "2151"]
[BlackElo "2228"]
[PlyCount "62"]
[EventDate "2023.08.22"]
[EventType "swiss (blitz)"]
[EventRounds "11"]
[EventCountry "USA"]
[SourceTitle "EXT 2024"]
[Source "ChessBase"]
[SourceDate "2023.10.10"]
[SourceVersion "1"]
[SourceVersionDate "2023.10.10"]
[SourceQuality "1"]

1. e4 c6 2. d4 d5 3. e5 c5 4. dxc5 e6 5. Nf3 Bxc5 6. a3 a5 7. Nc3 Nc6 8. Bb5 Nge7 9. Na4 Ba7 10. c4 0-0 11. c5 Ng6 12. Qe2 Qc7 13. Bxc6 bxc6 14. 0-0 Bb8 15. Re1 Ba6 16. Qc2 Ba7 17. h4 h6 18. h5 Ne7 19. Bf4 Bb5 20. Rac1 Rfb8 21. Nc3 Bc4 22. Nd2 Ba6 23. Ne2 Bxe2 24. Rxe2 Rb5 25. Be3 Qxe5 26. Nf3 Qf5 27. Qd2 Qxh5 28. a4 Rb4 29. Nd4 Bb8 30. g3 e5 31. Nb3 Rxb3 0-1

[Event "Titled Tuesday intern op 01st Aug Late"]
[Site "Chess.com INT"]
[Date "2023.08.01"]
[Round "1"]
[White "Jorajuria Mendoza, Algol"]
[Black "Bakalchuk, Johnatan"]
[Result "0-1"]
[WhiteElo "2151"]
[BlackElo "2450"]
[PlyCount "64"]
[EventDate "2023.08.01"]
[EventType "swiss (blitz)"]
[EventRounds "11"]
[EventCountry "USA"]
[SourceTitle "EXT 2024"]
[Source "ChessBase"]
[SourceDate "2023.10.10"]
[SourceVersion "1"]
[SourceVersionDate "2023.10.10"]
[SourceQuality "1"]

1. e4 c5 2. Nf3 g6 3. c3 d5 4. e5 Nc6 5. d4 Bg7 6. h3 cxd4 7. cxd4 Nh6 8. Bb5 0-0 9. Bxc6 bxc6 10. 0-0 f6 11. exf6 exf6 12. Nc3 Nf7 13. Bf4 g5 14. Bg3 Bf5 15. Qa4 Qd7 16. Rac1 h5 17. h4 g4 18. Nd2 Bh6 19. Rcd1 Rae8 20. Qa6 Bc2 21. Nb3 Bxd1 22. Rxd1 f5 23. Nc5 Qc8 24. Qd3 Nh8 25. Bd6 Rf7 26. Ne2 Ng6 27. Ng3 Qd8 28. Be5 Nxe5 29. dxe5 Rxe5 30. Nxh5 Qxh4 31. Ng3 Bf4 32. Qc3 Rh7 0-1

[Event "Titled Tuesday intern op 01st Aug Late"]
[Site "Chess.com INT"]
[Date "2023.08.01"]
[Round "6"]
[White "Samant, Neil"]
[Black "Jorajuria Mendoza, Algol"]
[Result "1-0"]
[WhiteElo "2082"]
[BlackElo "2151"]
[PlyCount "53"]
[EventDate "2023.08.01"]
[EventType "swiss (blitz)"]
[EventRounds "11"]
[EventCountry "USA"]
[SourceTitle "EXT 2024"]
[Source "ChessBase"]
[SourceDate "2023.10.10"]
[SourceVersion "1"]
[SourceVersionDate "2023.10.10"]
[SourceQuality "1"]

1. e4 c5 2. Nf3 Nc6 3. d4 cxd4 4. Nxd4 Nf6 5. Nc3 e5 6. Ndb5 d6 7. Bg5 a6 8. Na3 b5 9. Nd5 Be7 10. Bxf6 Bxf6 11. c4 b4 12. Nc2 0-0 13. g3 a5 14. h4 g6 15. Bh3 Be6 16. h5 Bg5 17. hxg6 hxg6 18. Bxe6 fxe6 19. Nde3 Bxe3 20. Nxe3 Qg5 21. Qxd6 Nd4 22. 0-0-0 Rxf2 23. Rd3 Raf8 24. Kb1 Qxe3 25. Rxe3 Rf1+ 26. Re1 R1f2 27. Qxe5 1-0

[Event "Titled Tuesday intern op 01st Aug Late"]
[Site "Chess.com INT"]
[Date "2023.08.01"]
[Round "4"]
[White "Tarnowska, Aleksandra"]
[Black "Jorajuria Mendoza, Algol"]
[Result "1-0"]
[WhiteElo "1860"]
[BlackElo "2151"]
[PlyCount "61"]
[EventDate "2023.08.01"]
[EventType "swiss (blitz)"]
[EventRounds "11"]
[EventCountry "USA"]
[SourceTitle "EXT 2024"]
[Source "ChessBase"]
[SourceDate "2023.10.10"]
[SourceVersion "1"]
[SourceVersionDate "2023.10.10"]
[SourceQuality "1"]

1. e4 c5 2. Nf3 Nc6 3. Bb5 g6 4. 0-0 Bg7 5. c3 Nf6 6. e5 Nd5 7. Bxc6 dxc6 8. d4 cxd4 9. cxd4 h6 10. Nc3 Be6 11. Re1 g5 12. Ne4 b6 13. Bd2 Qd7 14. Rc1 0-0 15. Bc3 Nf4 16. Ng3 Bg4 17. Re3 Qd5 18. h3 Bxh3 19. gxh3 Nxh3+ 20. Kf1 Nf4 21. Ne2 Ng6 22. Ng3 Qd7 23. Ke2 Nf4+ 24. Kd2 c5 25. Kc2 cxd4 26. Qxd4 Qb7 27. Nf5 Rfd8 28. Qe4 Qa6 29. Nxe7+ Kh8 30. Nxg5 hxg5 31. Rh1+ 1-0

[Event "Titled Tuesday intern op 18th Jul Late"]
[Site "Chess.com INT"]
[Date "2023.07.18"]
[Round "3"]
[White "Jorajuria Mendoza, Algol"]
[Black "Jessel, Stephen"]
[Result "1-0"]
[WhiteElo "2151"]
[BlackElo "2285"]
[PlyCount "63"]
[EventDate "2023.07.18"]
[EventType "swiss (blitz)"]
[EventRounds "11"]
[EventCountry "USA"]
[SourceTitle "EXT 2024"]
[Source "ChessBase"]
[SourceDate "2023.10.10"]
[SourceVersion "1"]
[SourceVersionDate "2023.10.10"]
[SourceQuality "1"]

1. e4 e6 2. d4 d5 3. Nd2 Nf6 4. e5 Nfd7 5. f4 c5 6. c3 Nc6 7. Ndf3 cxd4 8. cxd4 a5 9. Bd3 a4 10. Ne2 Nb6 11. 0-0 Be7 12. g4 h5 13. h3 Nc4 14. Rb1 Qb6 15. b3 axb3 16. axb3 Na3 17. Ra1 hxg4 18. hxg4 Bd7 19. Kg2 Ra5 20. b4 Bxb4 21. Qb3 Nc4 22. Rb1 Qa6 23. Kg3 b5 24. f5 Ra2 25. Bb2 Qa4 26. Bxc4 bxc4 27. Qe3 exf5 28. Ng5 Qc2 29. Rh1 Rxh1 30. Rxh1 Bd2 31. Rh8+ Ke7 32. Ba3+ 1-0

[Event "Titled Tuesday intern op 18th Jul Late"]
[Site "Chess.com INT"]
[Date "2023.07.18"]
[Round "5"]
[White "Jorajuria Mendoza, Algol"]
[Black "Nasuta, Grzegorz"]
[Result "0-1"]
[WhiteElo "2151"]
[BlackElo "2552"]
[PlyCount "62"]
[EventDate "2023.07.18"]
[EventType "swiss (blitz)"]
[EventRounds "11"]
[EventCountry "USA"]
[SourceTitle "EXT 2024"]
[Source "ChessBase"]
[SourceDate "2023.10.10"]
[SourceVersion "1"]
[SourceVersionDate "2023.10.10"]
[SourceQuality "1"]

1. e4 c5 2. Nf3 e6 3. g3 Nc6 4. Bg2 Nf6 5. Qe2 e5 6. Nc3 Be7 7. d3 0-0 8. Bg5 d6 9. 0-0 Be6 10. h3 a6 11. a4 Rc8 12. Kh2 Ng4+ 13. hxg4 Bxg5 14. Bh3 h6 15. Nd5 Re8 16. Ne3 Bxe3 17. fxe3 g6 18. Nh4 Kg7 19. Rf2 Qd7 20. Nf5+ Kh7 21. Raf1 Qd8 22. Nh4 Rc7 23. Rf6 Kg7 24. Qf3 Rce7 25. Rxe6 fxe6 26. Qf6+ Kh7 27. Nxg6 Rg7 28. Nf8+ Kg8 29. Qxd8 Nxd8 30. g5 Rxf8 31. Rxf8+ Kxf8 0-1

[Event "Titled Tuesday intern op 18th Jul Late"]
[Site "Chess.com INT"]
[Date "2023.07.18"]
[Round "4"]
[White "Piesik, Piotr"]
[Black "Jorajuria Mendoza, Algol"]
[Result "0-1"]
[WhiteElo "2426"]
[BlackElo "2151"]
[PlyCount "102"]
[EventDate "2023.07.18"]
[EventType "swiss (blitz)"]
[EventRounds "11"]
[EventCountry "USA"]
[SourceTitle "EXT 2024"]
[Source "ChessBase"]
[SourceDate "2023.10.10"]
[SourceVersion "1"]
[SourceVersionDate "2023.10.10"]
[SourceQuality "1"]

1. Nf3 d5 2. g3 c5 3. Bg2 Nf6 4. 0-0 h6 5. d3 Bg4 6. Nbd2 Nc6 7. e4 e6 8. h3 Bh5 9. c3 Be7 10. Re1 b5 11. Qe2 0-0 12. e5 Nd7 13. g4 Bg6 14. Nf1 a5 15. Ng3 b4 16. c4 Qc7 17. Bf4 dxc4 18. dxc4 Nb6 19. h4 Rfd8 20. Rad1 Rxd1 21. Rxd1 Rd8 22. b3 a4 23. h5 Bh7 24. Rxd8+ Qxd8 25. Qd2 Qxd2 26. Nxd2 Nd4 27. bxa4 Nxa4 28. Be4 Nc3 29. Bxh7+ Kxh7 30. Kf1 Nxa2 31. Be3 Nc6 32. Nb3 Nxe5 33. Bxc5 Bxc5 34. Nxc5 Nxc4 35. Ke2 Nc3+ 36. Ke1 Ne5 37. Na6 Nd5 38. Ne4 Nxg4 39. Nac5 Ngf6 40. Nd6 Kg8 41. Ke2 Nxh5 42. Kd3 Nhf4+ 43. Ke4 h5 44. Ke5 h4 45. Nde4 h3 46. Ng3 f6+ 47. Ke4 Kf7 48. Nb3 g5 49. Kf3 Kg6 50. Nd4 e5 51. Nb3 f5 0-1

[Event "Titled Tuesday intern op 28th Mar Late"]
[Site "Chess.com INT"]
[Date "2023.03.28"]
[Round "4"]
[White "Jorajuria Mendoza, Algol"]
[Black "Belov, Alexei"]
[Result "0-1"]
[WhiteElo "2037"]
[BlackElo "2421"]
[PlyCount "68"]
[EventDate "2023.03.28"]
[EventType "swiss (blitz)"]
[EventRounds "11"]
[EventCountry "USA"]
[SourceTitle "EXT 2024"]
[Source "ChessBase"]
[SourceDate "2023.10.10"]
[SourceVersion "1"]
[SourceVersionDate "2023.10.10"]
[SourceQuality "1"]

1. e4 e6 2. d4 d5 3. Nc3 Nf6 4. e5 Ne4 5. Nxe4 dxe4 6. c3 c5 7. Be2 Nc6 8. Be3 cxd4 9. cxd4 Bb4+ 10. Kf1 0-0 11. Nh3 Qd7 12. Ng5 Rd8 13. Bb5 Qd5 14. Qh5 Qxb5+ 15. Kg1 Rd7 16. Qxh7+ Kf8 17. Qh8+ Ke7 18. Nxe4 Rxd4 19. Bxd4 Nxd4 20. Qh4+ Ke8 21. Nf6+ gxf6 22. Qxd4 fxe5 23. Qg4 Bd7 24. h4 Bf8 25. h5 Qxb2 26. Rd1 Bb5 27. h6 Be2 28. Qa4+ b5 29. Qa6 Bxd1 30. Qc6+ Ke7 31. Qxa8 Qc1 32. Qxa7+ Kf6 33. Qe3 Qb1 34. Qb3 Bxb3+ 0-1

[Event "Titled Tuesday intern op 28th Mar Late"]
[Site "Chess.com INT"]
[Date "2023.03.28"]
[Round "1"]
[White "Jorajuria Mendoza, Algol"]
[Black "Schmakel, Sam A"]
[Result "0-1"]
[WhiteElo "2037"]
[BlackElo "2421"]
[PlyCount "122"]
[EventDate "2023.03.28"]
[EventType "swiss (blitz)"]
[EventRounds "11"]
[EventCountry "USA"]
[SourceTitle "EXT 2024"]
[Source "ChessBase"]
[SourceDate "2023.10.10"]
[SourceVersion "1"]
[SourceVersionDate "2023.10.10"]
[SourceQuality "1"]

1. e4 e6 2. d4 d5 3. Nc3 Nf6 4. e5 Nfd7 5. Nce2 c5 6. c3 Nc6 7. Nf3 Qa5 8. a3 Be7 9. Ra2 Nxd4 10. Nexd4 cxd4 11. b4 Qb6 12. cxd4 a5 13. b5 a4 14. Bd3 f6 15. exf6 Nxf6 16. 0-0 0-0 17. Bf4 Ne4 18. Qc1 Bd6 19. Bxd6 Qxd6 20. Ne5 Bd7 21. Rc2 Rac8 22. f3 Nf6 23. Rxc8 Rxc8 24. Qb2 Be8 25. Rc1 Rxc1+ 26. Qxc1 Kf8 27. Kf2 Ke7 28. Ke3 Nd7 29. Nxd7 Bxd7 30. f4 b6 31. Qc3 h6 32. g3 g5 33. fxg5 hxg5 34. Be2 Kf6 35. Kd2 e5 36. Qf3+ Kg7 37. Qh5 Qf6 38. dxe5 Qxe5 39. Bd3 Be6 40. Qh7+ Kf8 41. Qh6+ Ke7 42. Qh7+ Kd6 43. Qb7 Qd4 44. Qc6+ Ke7 45. Qc7+ Kf6 46. Qc3 Ke5 47. Qc7+ Kf6 48. Qc3 Qe5 49. Qxe5+ Kxe5 50. Ke3 d4+ 51. Kf3 g4+ 52. Ke2 Kd5 53. Kd2 Kc5 54. Be2 Bd7 55. Kc2 Kd5 56. Kd2 Ke4 57. Kc2 Ke3 58. Bc4 Bf5+ 59. Kd1 d3 60. Bd5 d2 61. Bc6 Bd3 0-1

[Event "Titled Tuesday intern op 21st Feb Late"]
[Site "Chess.com INT"]
[Date "2023.02.21"]
[Round "7"]
[White "Jorajuria Mendoza, Algol"]
[Black "Berezin, Viktor1111"]
[Result "1-0"]
[WhiteElo "2037"]
[BlackElo "2307"]
[PlyCount "103"]
[EventDate "2023.02.21"]
[EventType "swiss (blitz)"]
[EventRounds "11"]
[EventCountry "USA"]
[SourceTitle "CBM 212 Extra"]
[Source "ChessBase"]
[SourceDate "2023.03.31"]
[SourceVersion "1"]
[SourceVersionDate "2023.03.31"]
[SourceQuality "1"]

1. e4 g6 2. d4 Bg7 3. Be3 d6 4. Nc3 Nf6 5. f3 0-0 6. Qd2 c6 7. h4 h5 8. Nh3 b5 9. a4 b4 10. Ne2 a5 11. Nef4 Nbd7 12. Bc4 e6 13. Bxe6 fxe6 14. Nxe6 Qe7 15. Nxf8 Nxf8 16. Ng5 Ne6 17. 0-0 Ba6 18. Rfe1 Nxg5 19. Bxg5 Qe6 20. Rad1 Rf8 21. Bh6 Qc4 22. Qg5 Qf7 23. Bxg7 Kxg7 24. d5 cxd5 25. e5 dxe5 26. Qxe5 Bb7 27. Qd6 Re8 28. Qb6 Bc8 29. Qxa5 Bf5 30. Qxb4 Bxc2 31. Rc1 Bf5 32. Qd4 Re7 33. a5 Qe8 34. Kf2 Kf7 35. b4 Be6 36. a6 Qb5 37. a7 Qb7 38. Ra1 Qa8 39. Rec1 Bf5 40. b5 Ne4+ 41. fxe4 Rxe4 42. Qc5 Bg4 43. Qc7+ Re7 44. Qc6 Qd8 45. a8Q Re2+ 46. Kg1 Qxh4 47. Qab7+ Re7 48. Qcb6 Qg3 49. Qxe7+ Kxe7 50. Rc7+ Bd7 51. Re1+ Kf8 52. Rf1+ 1-0

[Event "Titled Tuesday intern op 07th Feb Late"]
[Site "Chess.com INT"]
[Date "2023.02.07"]
[Round "4"]
[White "Cardoso Cardoso, Jose Gabriel"]
[Black "Jorajuria Mendoza, Algol"]
[Result "1-0"]
[WhiteElo "2498"]
[BlackElo "2037"]
[PlyCount "43"]
[EventDate "2023.02.07"]
[EventType "swiss (blitz)"]
[EventRounds "11"]
[EventCountry "USA"]
[SourceTitle "EXT 2024"]
[Source "ChessBase"]
[SourceDate "2023.10.10"]
[SourceVersion "1"]
[SourceVersionDate "2023.10.10"]
[SourceQuality "1"]

1. c4 e5 2. Nc3 Nf6 3. g3 g6 4. Bg2 Bg7 5. d3 0-0 6. e4 c6 7. Nge2 d6 8. h3 Be6 9. 0-0 d5 10. exd5 cxd5 11. Bg5 Qd7 12. Bxf6 Bxf6 13. Nxd5 Bxd5 14. Bxd5 Nc6 15. Kh2 Rad8 16. Nc3 Nd4 17. Bg2 b6 18. Nd5 Bg5 19. Re1 Rfe8 20. h4 Be7 21. Rxe5 Bd6 22. Nf6+ 1-0

[Event "Titled Tuesday intern op 07th Feb Late"]
[Site "Chess.com INT"]
[Date "2023.02.07"]
[Round "8"]
[White "Cordoba Roa, Angel Gabriel"]
[Black "Jorajuria Mendoza, Algol"]
[Result "1-0"]
[WhiteElo "2214"]
[BlackElo "2037"]
[PlyCount "65"]
[EventDate "2023.02.07"]
[EventType "swiss (blitz)"]
[EventRounds "11"]
[EventCountry "USA"]
[SourceTitle "EXT 2024"]
[Source "ChessBase"]
[SourceDate "2023.10.10"]
[SourceVersion "1"]
[SourceVersionDate "2023.10.10"]
[SourceQuality "1"]

1. e4 c5 2. Nf3 e6 3. d4 cxd4 4. Nxd4 Nc6 5. Nc3 Nf6 6. Ndb5 d6 7. Bf4 e5 8. Bg5 a6 9. Na3 b5 10. Nd5 Be7 11. Bxf6 Bxf6 12. c4 b4 13. Nc2 0-0 14. g3 a5 15. Bg2 Be6 16. 0-0 Bg5 17. h4 Bh6 18. Qd3 Rc8 19. Rad1 f5 20. exf5 Bxf5 21. Be4 Bg4 22. f3 Bh3 23. Bxh7+ Kh8 24. Rf2 Ne7 25. Nxe7 Qxe7 26. Be4 Rf6 27. Ne3 Qf8 28. b3 g5 29. hxg5 Bxg5 30. Rh2 Kg7 31. Rxh3 Rd8 32. Rh7+ Kg8 33. Bd5+ 1-0

[Event "Titled Tuesday intern op 07th Feb Late"]
[Site "Chess.com INT"]
[Date "2023.02.07"]
[Round "7"]
[White "Jorajuria Mendoza, Algol"]
[Black "Curtis, John"]
[Result "1-0"]
[WhiteElo "2037"]
[BlackElo "2292"]
[PlyCount "131"]
[EventDate "2023.02.07"]
[EventType "swiss (blitz)"]
[EventRounds "11"]
[EventCountry "USA"]
[SourceTitle "EXT 2024"]
[Source "ChessBase"]
[SourceDate "2023.10.10"]
[SourceVersion "1"]
[SourceVersionDate "2023.10.10"]
[SourceQuality "1"]

1. e4 c5 2. Nf3 d6 3. d4 cxd4 4. Nxd4 Nf6 5. Nc3 Nc6 6. Bg5 e5 7. Nb3 Be7 8. Bxf6 Bxf6 9. Nd5 Bg5 10. Be2 0-0 11. Bg4 Be6 12. 0-0 Rc8 13. h3 g6 14. c3 f5 15. exf5 gxf5 16. Bh5 Ne7 17. Nxe7+ Qxe7 18. Re1 Rfd8 19. Qd3 e4 20. Qg3 f4 21. Qh2 d5 22. Nd4 Bd7 23. h4 Bh6 24. Rad1 Rf8 25. g3 Bg7 26. gxf4 Qf6 27. Kh1 Qxf4 28. Rg1 Kh8 29. Qxf4 Rxf4 30. Rg2 Bxd4 31. Rxd4 Rxh4+ 32. Rh2 Rxh2+ 33. Kxh2 Bc6 34. Kg3 Rf8 35. Bg4 b5 36. a3 Rf6 37. Rd2 Kg7 38. Bh3 Kg6 39. Bg2 Kg5 40. f3 e3 41. Re2 d4 42. cxd4 Kf5 43. Rxe3 Rd6 44. Re5+ Kf6 45. Bh3 Rxd4 46. Re6+ Kg5 47. Rxc6 h5 48. Rc5+ Kh6 49. Rxb5 h4+ 50. Kf2 Rd2+ 51. Ke3 Rh2 52. Bg4 a6 53. Rb6+ Kg5 54. Rxa6 h3 55. Ra5+ Kh4 56. Rh5+ Kg3 57. Rxh3+ Rxh3 58. Bxh3 Kh4 59. a4 Kg5 60. a5 Kh4 61. a6 Kxh3 62. a7 Kg3 63. a8Q Kg2 64. Qg8+ Kf1 65. f4 Ke1 66. Qg1# 1-0